Southville International School and Colleges
Your cart is empty.
  • Cart
  • Lists
    Public lists Eva Luna New books Lux_list list_1
    Your lists Log in to create your own lists
  • Log in to your account
  • Your cookies
  • Search history
Southville International School and Colleges
  • Advanced search
  • Recent comments
  • Most popular
  • Libraries

Log in to your account

Log in with GOOGLE


If you do not have an external account, but do have a local account, you can still log in:

  1. Home
  2. MARC view: Reviewing the Cold War :
Normal view MARC view ISBD view

Reviewing the Cold War : (Record no. 1964)

[ view plain ]
MARC details
000 -LEADER
fixed length control field 01362cam a2200337 a 4500
001 - CONTROL NUMBER
control field 11978354
005 - DATE AND TIME OF LATEST TRANSACTION
control field 20140310181720.0
008 - FIXED-LENGTH DATA ELEMENTS--GENERAL INFORMATION
fixed length control field 000418s2000 enk b 101 0 eng
010 ## - LIBRARY OF CONGRESS CONTROL NUMBER
LC control number 00031449
020 ## - INTERNATIONAL STANDARD BOOK NUMBER
International Standard Book Number 0714650722
020 ## - INTERNATIONAL STANDARD BOOK NUMBER
International Standard Book Number 0714681202 (pbk.)
040 ## - CATALOGING SOURCE
Original cataloging agency DLC
Transcribing agency DLC
Modifying agency DLC
043 ## - GEOGRAPHIC AREA CODE
Geographic area code n-us---
-- e-ur---
050 00 - LIBRARY OF CONGRESS CALL NUMBER
Classification number D 840
Item number .W522 2000
082 00 - DEWEY DECIMAL CLASSIFICATION NUMBER
Classification number IB 327.47073
Item number R32 2000
100 ## - MAIN ENTRY--PERSONAL NAME
Personal name Westad, Odd Arne.
111 2# - MAIN ENTRY--MEETING NAME
Meeting name or jurisdiction name as entry element Nobel Symposium
Number of part/section/meeting (107th :
Date of meeting 1998 :
Location of meeting Lysebu, Norway)
245 10 - TITLE STATEMENT
Title Reviewing the Cold War :
Remainder of title approaches, interpretations, and theory /
Statement of responsibility, etc Odd Arne Westad.
260 ## - PUBLICATION, DISTRIBUTION, ETC. (IMPRINT)
Place of publication, distribution, etc London ;
-- Portland, OR :
Name of publisher, distributor, etc F. Cass,
Date of publication, distribution, etc 2000.
300 ## - PHYSICAL DESCRIPTION
Extent 382 p. :
Dimensions 24 cm.
650 #0 - SUBJECT ADDED ENTRY--TOPICAL TERM
Topical term or geographic name as entry element Cold War.
650 #0 - SUBJECT ADDED ENTRY--TOPICAL TERM
Topical term or geographic name as entry element World politics
Chronological subdivision 1945-1989.
651 #0 - SUBJECT ADDED ENTRY--GEOGRAPHIC NAME
Geographic name United States
General subdivision Foreign relations
Geographic subdivision Soviet Union.
651 #0 - SUBJECT ADDED ENTRY--GEOGRAPHIC NAME
Geographic name Soviet Union
General subdivision Foreign relations
Geographic subdivision United States.
700 1# - ADDED ENTRY--PERSONAL NAME
Personal name Westad, Odd Arne.
856 42 - ELECTRONIC LOCATION AND ACCESS
Materials specified Publisher description
Uniform Resource Identifier <a href="http://www.loc.gov/catdir/enhancements/fy0652/00031449-d.html">http://www.loc.gov/catdir/enhancements/fy0652/00031449-d.html</a>
906 ## - LOCAL DATA ELEMENT F, LDF (RLIN)
a 7
b cbc
c orignew
d 1
e ocip
f 20
g y-gencatlg
942 ## - ADDED ENTRY ELEMENTS (KOHA)
Source of classification or shelving scheme Library of Congress Classification
Koha item type Books
Holdings
Withdrawn status Lost status Source of classification or shelving scheme Damaged status Home library Current library Shelving location Date acquired Total Checkouts Full call number Barcode Date last seen Copy number Price effective from Koha item type
    Library of Congress Classification   Luxembourg Library Luxembourg Library International Baccalaureate Section 06/18/2013   D 840 .W522 2000 16224 08/13/2013 1 10/03/2013 Books
    Library of Congress Classification   Luxembourg Library Luxembourg Library International Baccalaureate Section 06/18/2013   D 840 .W522 2000 14549 08/13/2013 2 06/18/2013 Books
    Library of Congress Classification   Luxembourg Library Luxembourg Library International Baccalaureate Section 06/18/2013   D 840 .W522 2000 14550 08/13/2013 3 06/18/2013 Books
    Library of Congress Classification   Luxembourg Library Luxembourg Library International Baccalaureate Section 06/18/2013   D 840 .W522 2000 14548 05/25/2015 1 06/18/2013 Books

Reviewing the Cold War :

APA

Westad O. A., Nobel Symposium & Westad O. A. (2000). Reviewing the Cold War. London: F. Cass.

Chicago

Westad Odd Arne, Nobel Symposium and Westad Odd Arne. 2000. Reviewing the Cold War. London: F. Cass.

Harvard

Westad O. A., Nobel Symposium and Westad O. A. (2000). Reviewing the Cold War. London: F. Cass.

MLA

Westad Odd Arne, Nobel Symposium and Westad Odd Arne. Reviewing the Cold War. London: F. Cass. 2000.

  • Place hold
  • Print
  • Cite
  • Add to your cart (remove)
  • Save record
    BIBTEX Dublin Core MARCXML MARC (non-Unicode/MARC-8) MARC (Unicode/UTF-8) MARC (Unicode/UTF-8, Standard) MODS (XML) RIS
  • More searches
    Search for this title in:
    Other Libraries (WorldCat) Other Databases (Google Scholar) Online Stores (Bookfinder.com) Open Library (openlibrary.org)

Exporting to Dublin Core...

SOUTHVILLE LIBRARY

Southville International School and Colleges Library

1281 Tropical Ave. Cor. Luxembourg St., BF Homes International, Las Pinas City

Tel. No. 8256374 / 252358 Loc. 117/146

Powered by Koha